| 000 | 00565nam a2200217Ia 4500 | ||
|---|---|---|---|
| 005 | 20250508154327.0 | ||
| 008 | 008 250505s9999 xx 000 0 eng d | ||
| 037 | _aTextBook | ||
| 040 |
_aFEDL _beng _cFEDL |
||
| 041 |
_aeng _2eng |
||
| 084 |
_a155.4, WAT _qFEDL |
||
| 100 | _aWatson Robert I | ||
| 245 | 0 | _aPsychology of the child | |
| 250 | _a2 | ||
| 260 |
_aNew York, USA _bJohn Wiley and Sons _c1965 |
||
| 300 | _aix, 635p | ||
| 365 |
_aINR _b39.37 |
||
| 650 | _aChild psychology | ||
| 942 |
_cTB _h155.4, WAT |
||
| 999 |
_c1349586 _d1349586 |
||